| 000 | 00338nam a2200121Ia 4500 | ||
|---|---|---|---|
| 005 | 20251222144659.0 | ||
| 008 | 251222s9999||||xx |||||||||||||| ||spa|| | ||
| 082 | _a709.720.74/S64 | ||
| 245 | 0 | _aLos Siglos de Oro en los Virreinatos de América 1550-1700 | |
| 250 | _a1ra.ed. | ||
| 264 | _bMinisterio de Cultura y Educación | ||
| 942 | _cLIB | ||
| 999 |
_c17387 _d17387 |
||